000 00283 a2200133 4500
020 _a0132285118
090 _c4530
_d4530
100 _aStephen P Robbins
245 _aOrganizational behavior
250 _a7th
260 _aLondon
300 _a752
942 _aNBS
_cBK
_k658.3 ROB
999 _c346973
_d346973